• 首页
  • 本馆介绍
  • 公告通知
  • 最新文献
  • 馆藏检索
  • 电子资源
  • 读者导购
  • 参考咨询
  • 我的图书馆
  • 登录
  • 详细信息显示
  • 放入我的书架
  • 预约/预借图书
  • 作者相关作品
  • 分类相关作品
  • 丛书相关作品
  • 出版社相关作品

书目信息

  • 表格格式
  • 工作单格式
  • 卡片格式
题名:
现场总线控制系统原理及应用
    
 
作者: 王慧锋 , 何衍庆 编著
分册:  
出版信息: 北京   化学工业出版社  2006
页数: 337页
开本: 26cm
丛书名:
单 册:
中图分类: TP336
科图分类:
主题词: 总线控制
电子资源:
ISBN: 7-5025-7702-5
000 00849nam0 2200229 450
001 010060011773
005 20061106162923.75
010    @a7-5025-7702-5@dCNY49.00
100    @a20060106d2006 em y0chiy0110 ea
101 0  @achi
102    @aCN@b110000
105    @aak z 000yy
200 1  @a现场总线控制系统原理及应用@9xian chang zong xian kong zhi xi tong yuan li ji ying yong@f王慧锋,何衍庆编著
210    @a北京@c化学工业出版社@d2006
215    @a337页@c图@d26cm
330    @a本书以基金会现场总线及其控制系统为主,介绍了有关数字通信技术,现场总线技术,现场总线设备和现场总线的设计、组态和维护等内容。同时也简单介绍了其他用于工业控制的现场总线及其应用。
606 0  @a总线控制
690    @aTP336@v4
701  0 @a王慧锋@9wang hui feng@4编著
701  0 @a何衍庆@9he yan qing@4编著
801  0 @aCN@bRENTIAN@c20061106
905    @a10447@dTP336@e85
    
    现场总线控制系统原理及应用/王慧锋,何衍庆编著.-北京:化学工业出版社,2006
    337页:图;26cm
    
    
    ISBN 7-5025-7702-5:CNY49.00
    本书以基金会现场总线及其控制系统为主,介绍了有关数字通信技术,现场总线技术,现场总线设备和现场总线的设计、组态和维护等内容。同时也简单介绍了其他用于工业控制的现场总线及其应用。
●
相关链接 在E读中查询图书 在五车中查询图书 在当当中查询图书 在豆瓣中查询图书


正题名:现场总线控制系统原理及应用     索取号:TP336/85         预约/预借

序号 登录号 条形码 馆藏地/架位号 状态 备注
1 0381642   203816424   第二样本阅览室/ [索取号:TP336/85] 在馆    
2 0381643   203816433   第三借阅区/ [索取号:TP336/85] 在馆    
3 0381644   203816442   第三借阅区/ [索取号:TP336/85] 在馆    
4 0381645   203816451   第三借阅区/ [索取号:TP336/85] 在馆    
5 0381646   203816460   第三借阅区/ [索取号:TP336/85] 在馆    
唐山师范学院图书馆 欢迎您!
大连网信软件有限公司© 版权所有